Statystyki dla Historia dla opornych! (part 3)

Kliknij tutaj aby rozwiązać quiz!

Ogólne statystyki

  • Ten quiz został rozwiązany 171 razy
  • Średni wynik to 11 z 13

Statystyki odpowiedzi

ZagadnienieOdpowiedź% Poprawnych
W jakich latach trwała II wojna światowa?1939-1945
99%
W jakich latach była I wojna światowa?1914-1918
97%
W którym roku polska odzyskała niepodległość?1918
97%
Kto był ostatnim królem Polski?Stanisław August Poniatowski
97%
Ile polski nie było na mapach świata?123 lata
95%
W którym roku był III rozbiór Polski?1795
92%
W którym roku był pierwszy rozbiór Polski?1772
87%
Jakie państwa dokonały III rozbioru Polski?Wszystkie
85%
Jakie państwa dokonały rozbioru?wszystkie
84%
W którym roku był II rozbiór Polski?1793
82%
Ile lat trwał okres 20-sto lecie międzywojenne (międzywojnie)?21 lat
78%
W którym roku rozpadł się Związek Socjalistycznych Republik Radzieckich (ZSRR)?1991
74%
Jakie państwa dokonały II rozbioru?Prusy, Rosja
65%

Rozkład punktacji

Percentyl według liczby udzielonych odpowiedzi

Procent ludzi z każdym wynikiem

Twoja historia wyników

Nie rozwiązałeś tego quizu